LEADER 01784nam 22005774a 450 001 9910139540603321 005 20200520144314.0 010 $a9786612453632 010 $a9781282453630 010 $a1282453637 010 $a9789048502301 010 $a9048502306 024 8 $a10.5117/9789089640208 035 $a(CKB)2550000000000575 035 $a(EBL)474254 035 $a(OCoLC)593196012 035 $a(SSID)ssj0000338402 035 $a(PQKBManifestationID)12135545 035 $a(PQKBTitleCode)TC0000338402 035 $a(PQKBWorkID)10296403 035 $a(PQKB)11150234 035 $a(MiAaPQ)EBC474254 035 $a(ScCtBLL)b0fb29fe-14f7-4c71-9d9a-6cf04a7bb946 035 $a(EXLCZ)992550000000000575 100 $a20091002d2009 uy 0 101 0 $adut 135 $aur|n|---||||| 181 $ctxt 182 $cc 183 $acr 200 13$aDe hand van Huizinga /$f[Johan Huizinga] ; Willem Otterspeer (redactie) 210 $a[Amsterdam, Netherlands] $cAmsterdam University Press$dc2009 215 $a1 online resource (449 p.) 300 $aSelected essays. 311 08$a9789089640208 311 08$a9089640207 320 $aIncludes bibliographical references (p. 421-446). 327 $aInhoud; Johan Huizinga, leven en werk; ZELFBEELD; VIER ORATIES; MIDDELEEUWEN; MODERNE TIJD; CULTUUR; Noten 330 $aContains a unique new selection of essays from Huizinga's extensive oeuvre 606 $aHistory 615 0$aHistory. 676 $a900 700 $aHuizinga$b Johan$f1872-1945.$0292479 701 $aOtterspeer$b W$0863062 801 0$bMiAaPQ 801 1$bMiAaPQ 801 2$bMiAaPQ 906 $aBOOK 912 $a9910139540603321 996 $aDe hand van Huizinga$94188075 997 $aUNINA